Tvorivé dielne. Zamerané na didaktické hry v geometrii ZŠ / 2. diel,

Saved in:
Bibliographic Details
Main Author: Brincková, Jaroslava (Author)
Format: Book
Language:Slovak
Published: Banská Bystrica : Univerzita Mateja Bela v Banskej Bystrici, 2001
Edition:1. vyd.
Subjects:
ISBN:8080555265
Online Access: Get full text
Tags: Add Tag
No Tags, Be the first to tag this record!

MARC

LEADER 00000nam a2200000 4500
003 SK-BrCVT
005 20230525122104.0
008 221214c2001 xo slo
020 |a 8080555265  |c 40.00 Sk 
035 |a CVTIDW0017577 
040 |a CVTISR  |c CVTISR  |e AACR2 
041 |a slo 
044 |a xo  |c SK 
100 1 |a Brincková, Jaroslava  |4 aut 
245 1 |a Tvorivé dielne.  |n 2. diel,  |b Zamerané na didaktické hry v geometrii ZŠ /  |c Jaroslava Brincková 
250 |a 1. vyd. 
260 |a Banská Bystrica :  |b Univerzita Mateja Bela v Banskej Bystrici,  |c 2001 
300 |a 41 s. 
655 4 |a učebnice vysokých škôl  |9 34882 
910 |a 4159  |b P010833 
919 |a 80-8055-526-5 
974 |a cvti cvti  |f Knihy neprofilové  |b cvti cvti 
992 |a AUV 
997 |h WINISIS 
999 |c 282058  |d 282058